000
00241nam a2200097Ia 4500
008
190216s9999||||xx |||||||||||||| ||und||
100
_a
Allen H S & Moore H
245
0
_a
Text Book Of Practical Physics
260
_b
Rupa & Co.
942
_c
BK
999
_c
32660
_d
32660